000 00376nam a2200133Ia 4500
008 191206s9999 xx 000 0 und d
020 _a877492387
090 _aSB126.5S49
245 0 _aBeginner's guide to hydroponics: soilless gardening
260 _aDrake Publishers
260 _cc[1972]
300 _a156 p. illus. (part col.) 23 cm.
999 _c15532
_d15532